| 000 | 00358nam a2200145Ia 4500 | ||
|---|---|---|---|
| 008 | 191201s2013 xx 000 0 und d | ||
| 082 |
_a624.183412 _bDAP |
||
| 100 | _aDAYARATNAM, P | ||
| 245 | 0 | _aPrestressed Concrete Structures | |
| 250 | _aSth | ||
| 260 |
_aN. Delhi _bOxford and IBH pub _c2013 |
||
| 300 | _a479 | ||
| 650 | _aB.Tech(CE) | ||
| 942 |
_2ddc _cBK |
||
| 999 |
_c5740 _d5740 |
||